000 01345nam0a2200361 i 4500
001 RU\NLR\BIBL_A\010866516
005 20260406135518.0
010 _a9785949622889
021 _aRU
_b2015-67589
_94045
035 _a(NILC)RuMoRGB-008014351
035 _a(NLR Aleph) 010866516
090 _a10447125
_c10447125
100 _a20151022d2015 km y0rusy50 ca
101 0 _aeng
_arus
102 _aRU
105 _ay z 000yy
200 1 _aThe painted veil
_e[книга для чтения на английском языке]
_fWilliam Somerset Maugham
_gадапт., сокращение и слов.: И. Б. Загородняя
210 _aСанкт-Петербург
_cАнтология
_d2015
215 _a191 с.
_d18
225 1 _aAbridged bestseller
_iIntermediate
300 _aРез. на рус. яз.
333 _a16+
541 0 _aУзорный покров
606 1 _aАнглийский язык
_jКниги для чтения
_9972309
_3RU\NLR\AUTH\6646032
675 _a811.111
686 1 _aШ143.21-93рус91
700 1 _8eng
_7ba
_aMaugham
_bW. S.
_f1874-1965
_gWilliam Somerset
_3RU\NLR\AUTH\772691
_9112699
702 1 _aZagorodnjaja
_bI.B.
_4010
801 0 _aRU
_bРГБ
_c20150907
_gRCR
942 _cBOOK
980 _aNBR